000 00707nam a22002537a 4500
003 UA-OsUOA
001 30181
007 ta
008 20041105b un ||||| |||| 00| 0 ukr d
100 _aШевчук Любов Теодорівна
090 _a911.3:[30+32](510)
_bШ37
942 _cBK
040 _aUA-OsUOA
_bukr
_cUA-OsUOA
_dUA-OsUOA
245 _aКитай
_bСоціально-економіко-географічна характеристика
300 _a135 с.
_bІлюстрації
955 _a0
041 _aukr
080 _a911.3:[30+32](510)
020 _a5-7773-0412-5
260 _aЛьвів
_bСвіт
_c1999
044 _aUA
650 7 _2UDC
999 _c316588
_d316588